Mesures pour maitriser l'acces aux ressources, et assurer le partage des benefices qui en decoulent (Registro nro. 707)

Detalles MARC
000 -CABECERA
Campo de control 00720nam a2200217 a 4500
005 - FECHA Y HORA DE LA ULTIMA TRANSACCION
Campo de control 20191224041539.0
008 - ELEMENTOS DE LONGITUD FIJA—INFORMACION GENERAL
Campo de control 140221b1998 -Us||||| |||| 00| 0 fre d
040 ## - FUENTE DE CATALOGACIÓN
Agencia catalogadora original CO-BoIAVH
Agencia transcriptora CO-BoIAVH
041 ## - IDIOMA
Código de idioma para texto/pista de sonido o título separado Francés
044 ## - PAÍS DE PUBLICACIÓN
País de publicación Francia
082 ## - NUMERO DE CLASIFICACION DECIMAL DEWEY
Número de clasificación 333.953413
Número del ítem W97d
110 ## - ASIENTO PRINCIPAL--NOMBRE CORPORATIVO
Unidad subordinad World Wildlife Fund
9 (RLIN) 86030
245 ## - MENCION DE TITULO
Título Mesures pour maitriser l'acces aux ressources, et assurer le partage des benefices qui en decoulent
Parte restante del título la situation dans dix pays
260 ## - PUBLICACION, DISTRIBUCION, ETC. (PIE DE IMPRENTA)
Lugar de publicación, distribución, etc. Washington
Nombre del editor, distribuidor, etc. WWF International
Fecha de publicación, distribución, etc. 1998
300 ## - DESCRIPCION FISICA
Extensión 82 páginas
650 16 - ASIENTO SECUNDARIO DE MATERIA - TERMINO TEMATICO
Término temático o nombre geográfico como elemento de entrada Biodiversidad
9 (RLIN) 92204
650 16 - ASIENTO SECUNDARIO DE MATERIA - TERMINO TEMATICO
Término temático o nombre geográfico como elemento de entrada Uso de biodiversidad
9 (RLIN) 343
650 16 - ASIENTO SECUNDARIO DE MATERIA - TERMINO TEMATICO
Término temático o nombre geográfico como elemento de entrada Conservación y uso sostenible
9 (RLIN) 1281
650 16 - ASIENTO SECUNDARIO DE MATERIA - TERMINO TEMATICO
Término temático o nombre geográfico como elemento de entrada Acceso a recursos genéticos
9 (RLIN) 86033
942 ## - ELEMENTOS ADICIONALES (KOHA)
Tipo de ítem Libro
Sistema de clasificación Dewey Decimal Classification
Existencias
Withdrawn status Lost status Sistema de Clasificación Damaged status No para préstamo Colección Inventariado Ubicación Permanente Ubicación actual Fecha de adquisición Fuente de Valor Valor Total Checkouts Número topográfico Inventario / Código de Barras Date last seen Ejemplar Price effective from Forma de adquisición Tipo de material
    Dewey Decimal Classification     General Inventariado 2017 Sala Fabio Quevedo Sala Fabio Quevedo 07/08/1998 Hernández Salgar, Ana María 39000.00   LB-333.953413 W97d 000998 04/12/2012 Ej. 1 04/12/2012 Donación Libro